[Event "Nezhmetdinov Cup 2013"]
[Site "?"]
[Date "2013.06.01"]
[Round "2.23"]
[White "Salakhutdinov, Ildar"]
[Black "Gajsin, Evgenij"]
[Result "0-1"]
[WhiteElo "2293"]
[BlackElo "2457"]
[PlyCount "148"]
[EventDate "2013.06.03"]

1. e4 c5 2. Nf3 d6 3. c3 Nf6 4. h3 Nc6 5. Bd3 d5 6. e5 Nd7 7. Qe2 Qc7 8. e6
fxe6 9. Ng5 Nf6 10. Nxe6 Qd6 11. Nxf8 Rxf8 12. O-O Bd7 13. Re1 O-O-O 14. b4
cxb4 15. cxb4 Ne4 16. Bxe4 dxe4 17. Nc3 Qg6 18. Nxe4 Bxh3 19. Ng3 Qf6 20. d4
Nxd4 21. Qc4+ Kb8 22. Be3 Be6 23. Qc5 b6 24. Bxd4 Rxd4 25. Qc2 Rxb4 26. Ne4 Qg6
27. Qe2 Rc8 28. Ng3 Rc6 29. Qd2 Rbc4 30. Qd8+ Bc8 31. Qxe7 Qf6 32. Qe8 Re6 33.
Rxe6 Qxa1+ 34. Re1 Rc1 35. Rxc1 Qxc1+ 36. Kh2 Qf4 37. Kg1 Qc1+ 38. Kh2 Qc7 39.
Qg8 g6 40. Kg1 Qc1+ 41. Kh2 Qc7 42. Kg1 Kb7 43. Ne2 Bf5 44. f3 Qd7 45. a3 Bd3
46. Nf4 Qd4+ 47. Kh1 Qxf4 48. Qd5+ Ka6 49. Qxd3+ b5 50. Qd7 Qh6+ 51. Kg1 Qe3+
52. Kh2 Qe5+ 53. Kg1 Qc5+ 54. Kh2 Kb6 55. f4 a5 56. Qe6+ Qc6 57. Qe3+ Ka6 58.
g4 b4 59. axb4 axb4 60. f5 gxf5 61. gxf5 Qc2+ 62. Kg3 Qxf5 63. Qd4 Kb5 64. Qd8
b3 65. Qd4 h5 66. Qc3 Qg6+ 67. Kh3 Qe6+ 68. Kg3 Qg4+ 69. Kh2 Qh4+ 70. Kg2 Qe4+
71. Kh3 Qc4 72. Qe5+ Kb4 73. Qxh5 b2 74. Qf5 Qb3+ 0-1

[Event "Nezhmetdinov Cup 2013"]
[Site "?"]
[Date "2013.06.01"]
[Round "2.25"]
[White "Murtazin, Bulat"]
[Black "Kokarev, Dmitry"]
[Result "0-1"]
[WhiteElo "2151"]
[BlackElo "2639"]
[PlyCount "110"]
[EventDate "2013.06.03"]

1. d4 Nf6 2. c4 g6 3. Nc3 Bg7 4. e4 O-O 5. Bg5 d6 6. Qd2 a6 7. Nf3 Bg4 8. Nh4
c5 9. d5 Qa5 10. Bd3 b5 11. O-O bxc4 12. Bxc4 Nbd7 13. h3 Nb6 14. Bb3 Bd7 15.
Rfe1 Qb4 16. Nf3 a5 17. e5 dxe5 18. Nxe5 a4 19. Bc2 a3 20. b3 Rfd8 21. Rad1 Be8
22. Nd3 Qa5 23. Nb1 Nbxd5 24. Qxa5 Rxa5 25. Bd2 Raa8 26. Nxc5 e6 27. Na4 Rdc8
28. Rc1 Bf8 29. Bd1 Rab8 30. Be2 Ne4 31. Rxc8 Rxc8 32. Bc1 Bxa4 33. bxa4 Bc5
34. Kh2 Bxf2 35. Rf1 Bg3+ 36. Kg1 Bd6 37. Bf3 Nec3 38. Bxa3 Bxa3 39. Nxa3 Ra8
40. Nb5 Rxa4 41. Nd6 Ne3 42. Rc1 Ra3 43. Kh2 Kf8 44. Re1 Ned5 45. Bxd5 Nxd5 46.
Rf1 f5 47. Rb1 Rxa2 48. Rb8+ Ke7 49. Nc4 Nf4 50. Kg3 g5 51. Rb7+ Kf6 52. Rxh7
Rxg2+ 53. Kf3 Rc2 54. Ne3 Rc3 55. Kf2 Kg6 0-1

[Event "Nezhmetdinov Cup 2013"]
[Site "?"]
[Date "2013.06.01"]
[Round "2.26"]
[White "Dmitriev, Igor"]
[Black "Atalik, Suat"]
[Result "1/2-1/2"]
[WhiteElo "2289"]
[BlackElo "2597"]
[PlyCount "84"]
[EventDate "2013.06.03"]

1. c4 b6 2. Nc3 e6 3. e4 Bb7 4. Nf3 Bb4 5. Bd3 Ne7 6. Ne2 Nbc6 7. a3 Bd6 8. Bc2
Ng6 9. d4 Nh4 10. Nxh4 Qxh4 11. Qd3 f5 12. e5 Nxe5 13. dxe5 Bxe5 14. Qe3 d6 15.
Nf4 Kf7 16. O-O g5 17. Qh3 Rag8 18. Qxh4 gxh4 19. f3 Rg7 20. Nh5 Rg6 21. Nf4
Bxf4 22. Bxf4 Rhg8 23. g3 hxg3 24. h4 e5 25. Bg5 h6 26. Bd2 Ke6 27. Rae1 Rf6
28. Kg2 Kd7 29. b3 a5 30. a4 f4 31. Be4 Bxe4 32. Rxe4 Rf5 33. Rg1 Ke6 34. Kh3
Kf7 35. Bc3 Rh5 36. Rg2 Rgg5 37. Re1 Kg6 38. Ree2 Rxh4+ 39. Kxh4 Rh5+ 40. Kg4
Rg5+ 41. Kh4 Rh5+ 42. Kg4 Rg5+ 1/2-1/2

[Event "Nezhmetdinov Cup 2013"]
[Site "?"]
[Date "2013.06.01"]
[Round "2.27"]
[White "Vorobiov, Evgeny"]
[Black "Pushkin, Eduard"]
[Result "1-0"]
[WhiteElo "2583"]
[BlackElo "2170"]
[PlyCount "103"]
[EventDate "2013.06.03"]

1. e4 e5 2. Nf3 Nc6 3. Bc4 Nf6 4. Ng5 d5 5. exd5 Na5 6. Bb5+ c6 7. dxc6 bxc6 8.
Be2 h6 9. Nh3 g5 10. Nc3 Bg7 11. d3 Bf5 12. Ng1 Nd5 13. Ne4 O-O 14. h4 Nf4 15.
hxg5 hxg5 16. g3 Bxe4 17. dxe4 Qxd1+ 18. Bxd1 Ne6 19. Nf3 f6 20. c3 Kf7 21. Bc2
Rh8 22. Rxh8 Rxh8 23. Ke2 Rh1 24. Rb1 Nc4 25. b3 Nd6 26. Be3 Rh8 27. a4 c5 28.
Bd3 Rb8 29. Nd2 Bf8 30. Nc4 Nb7 31. Kd1 Be7 32. Ke2 Ned8 33. Na3 Na5 34. Bb5
Kg7 35. Nc4 Nxc4 36. Bxc4 Nc6 37. Bd5 Na5 38. b4 Bd6 39. b5 Be7 40. Kf3 Kg6 41.
Kg4 Bd6 42. Rh1 Nb7 43. Be6 Kg7 44. Bf5 Rh8 45. Rxh8 Kxh8 46. Be6 Bb8 47. Bd5
Nd6 48. Bxc5 Kg7 49. c4 Kg6 50. a5 f5+ 51. exf5+ Kf6 52. Be3 1-0

[Event "Nezhmetdinov Cup 2013"]
[Site "?"]
[Date "2013.06.01"]
[Round "2.30"]
[White "Zenzera, Alexey"]
[Black "Fakhrutdinov, Timur"]
[Result "1-0"]
[WhiteElo "2387"]
[BlackElo "2128"]
[PlyCount "81"]
[EventDate "2013.06.03"]

1. c4 c5 2. Nf3 Nc6 3. Nc3 g6 4. e3 Nf6 5. d4 cxd4 6. exd4 d5 7. cxd5 Nxd5 8.
Qb3 Nxc3 9. Bc4 Nd5 10. Bxd5 e6 11. Bxc6+ bxc6 12. O-O Qd5 13. Qc3 Bg7 14. Bf4
O-O 15. Rfc1 Bb7 16. Qe3 Qb5 17. Bh6 Rfd8 18. Bxg7 Kxg7 19. b3 Rd5 20. Rc5 Qb6
21. h4 Rad8 22. h5 Qc7 23. Re1 Qe7 24. h6+ Kg8 25. Qf4 f6 26. Rec1 e5 27. Qe3
e4 28. Re1 f5 29. Rxd5 cxd5 30. Qf4 Rc8 31. Ng5 Qc7 32. g3 Qxf4 33. gxf4 Rc2
34. b4 Ba6 35. b5 Bc8 36. Re3 Rc7 37. Rb3 Rb7 38. Rc3 Bd7 39. a4 Be8 40. Rc5
Rd7 41. a5 1-0

[Event "Nezhmetdinov Cup 2013"]
[Site "?"]
[Date "2013.06.01"]
[Round "2.32"]
[White "Konovalov, Roman"]
[Black "Kozionov, Kirill"]
[Result "0-1"]
[WhiteElo "2044"]
[BlackElo "2272"]
[PlyCount "116"]
[EventDate "2013.06.03"]

1. e4 e5 2. Nf3 Nc6 3. Bb5 a6 4. Ba4 Nf6 5. O-O Be7 6. Re1 b5 7. Bb3 d6 8. c3
O-O 9. h3 Na5 10. Bc2 c5 11. d4 Nd7 12. a4 Rb8 13. axb5 axb5 14. Nbd2 exd4 15.
cxd4 Nc6 16. e5 dxe5 17. dxe5 c4 18. b3 Nb6 19. bxc4 bxc4 20. Qe2 Nd4 21. Nxd4
Qxd4 22. Rb1 Be6 23. Nf3 Qd8 24. Rd1 Qc8 25. Bg5 Bc5 26. Qe4 g6 27. Bf6 Re8 28.
Qh4 Bf5 29. Ng5 h5 30. g4 Bxc2 31. gxh5 Rxe5 32. Bxe5 Qf5 33. h6 Bxf2+ 34. Kh1
Qxe5 35. h7+ Kg7 36. h8=Q+ Rxh8 37. Qxh8+ Kxh8 38. Nxf7+ Kg7 39. Nxe5 c3 40.
Rbc1 Bxd1 41. Rxd1 Be3 42. Nd3 c2 43. Re1 Nd5 44. Nc1 Bd2 45. Rg1 Kf6 46. Kg2
Nf4+ 47. Kf3 Bxc1 48. Rxc1 Nd3 49. Rf1 c1=Q 50. Rxc1 Nxc1 51. Kg4 Nd3 52. h4
Ne5+ 53. Kg3 Kf5 54. Kh3 Kf4 55. h5 g5 56. h6 Nf7 57. h7 Kf5 58. Kg3 Kg6 0-1

[Event "Nezhmetdinov Cup 2013"]
[Site "?"]
[Date "2013.06.01"]
[Round "2.34"]
[White "Ovchinnikov, Vsevolod"]
[Black "Ospennikov, Dmitry V"]
[Result "0-1"]
[WhiteElo "2006"]
[BlackElo "2232"]
[PlyCount "112"]
[EventDate "2013.06.03"]

1. d4 Nf6 2. c4 e6 3. Nf3 b6 4. g3 Ba6 5. Qc2 d5 6. b3 Bb4+ 7. Bd2 Be7 8. Bg2
O-O 9. O-O c5 10. Bc3 Nc6 11. dxc5 bxc5 12. Ng5 Nd4 13. Bxd4 cxd4 14. Nd2 Rc8
15. Rfd1 Qb6 16. h4 Rc7 17. Qd3 Rfc8 18. Rac1 Ba3 19. Rc2 e5 20. Qf5 h6 21.
Ngf3 e4 22. Ne5 Re8 23. Ng4 Nxg4 24. Qxg4 Bc8 25. Qh5 Rc5 26. b4 Bxb4 27. Nb3
g6 28. Qxh6 d3 29. exd3 Bg4 30. Rdd2 Bxd2 31. Rxd2 Rcc8 32. c5 Qf6 33. dxe4
dxe4 34. Rd6 Re6 35. Rxe6 Qxe6 36. Qf4 f5 37. Kh2 Kg7 38. Nd4 Qd5 39. Nb3 a5
40. Nxa5 Rxc5 41. Nb3 Rc2 42. Qb8 Rxa2 43. Qc7+ Qf7 44. Qe5+ Kh7 45. Nd4 Qg7
46. Qc5 Rxf2 47. Ne6 Rxg2+ 48. Kxg2 Qb2+ 49. Kf1 Qb1+ 50. Kf2 Qa2+ 51. Ke3 Qxe6
52. Qc7+ Kh6 53. Qf4+ Kg7 54. Qc7+ Qf7 55. Qe5+ Kh7 56. Kf4 Qd7 0-1

[Event "Nezhmetdinov Cup 2013"]
[Site "?"]
[Date "2013.06.01"]
[Round "2.35"]
[White "Khusnutdinova, Alsu"]
[Black "Matsenko, Andrei"]
[Result "0-1"]
[WhiteElo "2001"]
[BlackElo "2212"]
[PlyCount "68"]
[EventDate "2013.06.03"]

1. e4 c5 2. Nf3 Nc6 3. d4 cxd4 4. Nxd4 Qc7 5. Nc3 e6 6. Be3 a6 7. Qd2 Nf6 8.
O-O-O Be7 9. f3 h5 10. Be2 b5 11. Nb3 d6 12. Bf4 Ne5 13. a3 Bb7 14. Qd4 Rc8 15.
Qa7 Ra8 16. Qf2 Rc8 17. Qa7 b4 18. axb4 Nc6 19. Qe3 e5 20. Bg5 Nxb4 21. Rd2 O-O
22. g4 hxg4 23. Rg1 d5 24. Bxf6 Bxf6 25. exd5 Nxd5 26. Nxd5 Bxd5 27. Rxg4 Bxb3
28. Qxb3 Rb8 29. Rb4 e4 30. c3 exf3 31. Bxf3 Bg5 32. Rxb8 Rxb8 33. Qd5 Qf4 34.
b4 Rd8 0-1

[Event "Nezhmetdinov Cup 2013"]
[Site "?"]
[Date "2013.06.01"]
[Round "2.36"]
[White "Sarana, Alexey"]
[Black "Ivanov, Vladislav"]
[Result "1-0"]
[WhiteElo "2209"]
[BlackElo "2002"]
[PlyCount "73"]
[EventDate "2013.06.03"]

1. e4 Nc6 2. Nf3 d6 3. d4 Nf6 4. Nc3 g6 5. d5 Nb8 6. Be2 Bg7 7. O-O O-O 8. h3
c6 9. Re1 b5 10. dxc6 b4 11. Nd5 Nxc6 12. Bg5 a5 13. Bc4 h6 14. Nxf6+ exf6 15.
Bf4 Ne5 16. Bd5 Ra6 17. Nxe5 dxe5 18. Be3 f5 19. f3 Qc7 20. c4 fxe4 21. fxe4
Kh7 22. a3 bxa3 23. Rxa3 Rd8 24. Rf1 f5 25. exf5 Bxf5 26. b4 Bf8 27. b5 Bxa3
28. bxa6 Bc5 29. Qe1 Rd6 30. Bxc5 Qxc5+ 31. Kh1 e4 32. Qg3 Rd8 33. Qe5 Qb6 34.
g4 Rxd5 35. cxd5 Qxa6 36. Rc1 Bd7 37. Qe7+ 1-0

[Event "Nezhmetdinov Cup 2013"]
[Site "?"]
[Date "2013.06.01"]
[Round "2.37"]
[White "Kaliadzich, Maryia"]
[Black "Vasiljev, Vasily"]
[Result "0-1"]
[WhiteElo "1982"]
[BlackElo "2202"]
[PlyCount "146"]
[EventDate "2013.06.03"]

1. d4 Nf6 2. c4 g6 3. Nc3 Bg7 4. Bg5 O-O 5. e3 c5 6. Nf3 cxd4 7. exd4 h6 8. Be3
d5 9. Qd2 Kh7 10. Bd3 Nc6 11. O-O dxc4 12. Bxc4 Ng4 13. Rad1 Nxe3 14. fxe3 Qa5
15. Qf2 Bg4 16. h3 Bxf3 17. Qxf3 e6 18. Ne4 Rad8 19. Qg3 Ne7 20. Nc5 Qb6 21.
Qf3 Nd5 22. Kh1 Qc7 23. Bb3 Qe7 24. Rf2 b6 25. Ne4 f5 26. Nc3 Nf6 27. Rfd2 e5
28. d5 e4 29. Qe2 Nh5 30. Qe1 Be5 31. Bc2 Bg3 32. Qe2 Bd6 33. Qa6 Rf7 34. Nb5
Be5 35. Nd4 Qg5 36. Nc6 Ng3+ 37. Kg1 Qxe3+ 38. Rf2 Rxd5 39. Rxd5 Qe1+ 40. Rf1
Ne2+ 41. Qxe2 Bh2+ 42. Kxh2 Qxe2 43. Rc1 Qc4 44. Rdd1 Qxc6 45. Bb3 Qf6 46. Bxf7
Qxf7 47. Rc2 h5 48. Rc8 h4 49. a3 Kh6 50. Rcd8 Qf6 51. R8d2 e3 52. Re2 Qe5+ 53.
Kg1 Qe4 54. Rf1 Qd3 55. Rfe1 f4 56. Kh2 g5 57. Kg1 g4 58. hxg4 Kg5 59. Kh1 Kxg4
60. Kh2 b5 61. Kg1 Kg3 62. Kh1 a5 63. Kg1 b4 64. axb4 axb4 65. Kh1 b3 66. Kg1
Qe4 67. Rf1 Qd3 68. Rfe1 Qb5 69. Kh1 Qh5 70. Kg1 Qg4 71. Rxe3+ fxe3 72. Rxe3+
Kf4 73. Rxb3 Qd1+ 0-1

[Event "Nezhmetdinov Cup 2013"]
[Site "?"]
[Date "2013.06.01"]
[Round "2.38"]
[White "Drachev, Oleg"]
[Black "Askerov, Marat"]
[Result "1-0"]
[WhiteElo "2187"]
[BlackElo "1994"]
[PlyCount "45"]
[EventDate "2013.06.03"]

1. e4 c6 2. d4 d5 3. f3 e6 4. Nc3 Bb4 5. Bf4 Nf6 6. e5 Nfd7 7. a3 Be7 8. Be3 c5
9. f4 Nc6 10. Nf3 g5 11. dxc5 gxf4 12. Bxf4 Bxc5 13. Bd3 a6 14. Qe2 Qa5 15. Bd2
Qc7 16. O-O-O Ndxe5 17. Rhe1 Bd6 18. Kb1 Bd7 19. Bg5 d4 20. Ne4 Nxf3 21. Nf6+
Kf8 22. Bh6+ Ke7 23. Nd5+ 1-0

[Event "Nezhmetdinov Cup 2013"]
[Site "?"]
[Date "2013.06.01"]
[Round "2.39"]
[White "Shaydullina, Sandugach"]
[Black "Fedotov, Nikita"]
[Result "0-1"]
[WhiteElo "2160"]
[BlackElo "1973"]
[PlyCount "68"]
[EventDate "2013.06.03"]

1. d4 Nf6 2. c4 g6 3. Nc3 d5 4. Nf3 Bg7 5. Qa4+ Bd7 6. Qb3 dxc4 7. Qxc4 O-O 8.
e4 Bg4 9. Be2 Nfd7 10. O-O Bxf3 11. Bxf3 Nb6 12. Qb3 Qxd4 13. Nb5 Qe5 14. Be3
Nc6 15. Rac1 Rfd8 16. Rc5 Qxb2 17. Qxb2 Bxb2 18. Nxc7 Rac8 19. Nd5 Nxd5 20.
exd5 Nd4 21. Rxc8 Rxc8 22. Rb1 Nxf3+ 23. gxf3 Rc2 24. Bxa7 b5 25. Kg2 b4 26.
Re1 Bf6 27. Rb1 Rxa2 28. Bc5 Ra5 29. Bb6 Rb5 30. Bc7 b3 31. d6 exd6 32. Bxd6
Rb6 33. Bc7 Rc6 34. Bf4 b2 0-1

[Event "Nezhmetdinov Cup 2013"]
[Site "?"]
[Date "2013.06.01"]
[Round "2.40"]
[White "Beinenson, Katsiaryna"]
[Black "Kostrikina, Anna"]
[Result "1-0"]
[WhiteElo "1970"]
[BlackElo "2151"]
[PlyCount "73"]
[EventDate "2013.06.03"]

1. e4 c5 2. c3 e6 3. d4 d5 4. exd5 exd5 5. Nf3 Nc6 6. Be2 Bd6 7. O-O Nge7 8.
dxc5 Bxc5 9. Nbd2 O-O 10. Nb3 Bb6 11. Bd3 Ng6 12. Bc2 Re8 13. Qd3 Nce5 14. Nxe5
Rxe5 15. Nd4 Qf6 16. Be3 Rh5 17. Bd1 Ne5 18. Qb5 Bg4 19. h3 Bxd1 20. Raxd1 Nc4
21. Rfe1 h6 22. Nc2 a6 23. Qd7 Rd8 24. Qxb7 Nxe3 25. Nxe3 d4 26. Ng4 Qd6 27.
cxd4 Bxd4 28. Re4 Qc5 29. Rde1 f5 30. Re8+ Rxe8 31. Rxe8+ Kh7 32. Ne3 f4 33.
Qe4+ g6 34. Qxf4 Qc1+ 35. Kh2 Qxb2 36. Qf7+ Bg7 37. Qg8# 1-0

[Event "Nezhmetdinov Cup 2013"]
[Site "?"]
[Date "2013.06.01"]
[Round "2.41"]
[White "Gubajdullin, Marsel"]
[Black "Safiullin, Rafael"]
[Result "0-1"]
[WhiteElo "1936"]
[BlackElo "2149"]
[PlyCount "94"]
[EventDate "2013.06.03"]

1. d4 Nf6 2. c3 e6 3. Nd2 c5 4. e3 Nc6 5. f4 Be7 6. Bd3 cxd4 7. exd4 Qc7 8. Nh3
d6 9. Nb3 e5 10. Nf2 Bd7 11. O-O O-O-O 12. Ne4 h6 13. Kh1 exf4 14. Bxf4 Nd5 15.
Bd2 f5 16. Ng3 g6 17. Bc4 Nf6 18. Bf7 Be8 19. Be6+ Bd7 20. Qe2 Kb8 21. Rae1
Bxe6 22. Qxe6 Qd7 23. Qxd7 Rxd7 24. Re6 Nd8 25. Re2 Ng4 26. Bf4 Nf7 27. h3 Nf6
28. Rfe1 Nd5 29. Bd2 Bh4 30. Re8+ Rd8 31. Rxd8+ Rxd8 32. Kh2 f4 33. Bxf4 Nxf4
34. Rf1 Bxg3+ 35. Kxg3 Nh5+ 36. Kh2 Rd7 37. g4 Ng7 38. Rf6 g5 39. Rg6 Ne8 40.
d5 Re7 41. Nd4 Kc7 42. Kg2 Re5 43. c4 Re4 44. Ne6+ Kd7 45. Nf8+ Ke7 46. Re6+
Rxe6 47. Nxe6 Ne5 0-1

[Event "Nezhmetdinov Cup 2013"]
[Site "?"]
[Date "2013.06.01"]
[Round "2.42"]
[White "Bitkinin, Lenar"]
[Black "Matsenko, Elena"]
[Result "1-0"]
[WhiteElo "2147"]
[BlackElo "1966"]
[PlyCount "75"]
[EventDate "2013.06.03"]

1. d4 d5 2. c4 c6 3. Nf3 Nf6 4. e3 e6 5. Bd3 Nbd7 6. O-O Bd6 7. Nc3 O-O 8. e4
dxe4 9. Nxe4 Nxe4 10. Bxe4 Nf6 11. Bc2 c5 12. dxc5 Bxc5 13. Qe2 Qc7 14. b3 b6
15. Bb2 Be7 16. Ng5 h6 17. Be5 Qd8 18. Nh7 Nxh7 19. Qe4 Ng5 20. Qxa8 Qd2 21.
Qxa7 Bc5 22. b4 Qxb4 23. Bb3 Ne4 24. Qc7 Nd2 25. Rfd1 Ba6 26. Bf4 Nxc4 27. Rd8
Rxd8 28. Qxd8+ Kh7 29. Qd3+ f5 30. Rc1 Nd6 31. Qd2 Qxd2 32. Bxd2 Ne4 33. Be3
Bxe3 34. fxe3 Nc5 35. Rd1 Nxb3 36. axb3 Bb7 37. Rd6 Bd5 38. Rxb6 1-0

[Event "Nezhmetdinov Cup 2013"]
[Site "?"]
[Date "2013.06.01"]
[Round "2.43"]
[White "Gromak, Ivan"]
[Black "Yeletsky, Ivan"]
[Result "1/2-1/2"]
[WhiteElo "1894"]
[BlackElo "2144"]
[PlyCount "76"]
[EventDate "2013.06.03"]

1. Nf3 Nf6 2. g3 b5 3. Bg2 Bb7 4. O-O e6 5. b3 d6 6. c4 a6 7. Bb2 Nbd7 8. Na3
b4 9. Nc2 c5 10. a3 a5 11. axb4 axb4 12. Rxa8 Bxa8 13. d4 Be7 14. Ne3 O-O 15.
d5 exd5 16. cxd5 Re8 17. Nd2 g6 18. Ndc4 Bf8 19. Qd3 Qc7 20. Ra1 Bh6 21. f4 Bb7
22. Ra7 Ra8 23. Rxa8+ Bxa8 24. Qb1 Bb7 25. Qa1 Ne8 26. Ng4 Bf8 27. e4 Nb8 28.
Qa5 Nd7 29. Qa1 Nb6 30. Qa5 Nd7 31. Qa1 Nb6 32. Nge3 Nxc4 33. Nxc4 Qd8 34. Qa7
Qa8 35. Qb6 Be7 36. Qa5 Qb8 37. Qb6 Qa8 38. Qa5 Qb8 1/2-1/2

[Event "Nezhmetdinov Cup 2013"]
[Site "?"]
[Date "2013.06.01"]
[Round "2.45"]
[White "Zlachevskiy, Leonid"]
[Black "Padikov, Denis"]
[Result "1-0"]
[WhiteElo "2125"]
[BlackElo "1820"]
[PlyCount "55"]
[EventDate "2013.06.03"]

1. e4 c6 2. d4 d5 3. e5 Bf5 4. Ne2 c5 5. Ng3 Bg6 6. e6 fxe6 7. Bb5+ Nc6 8. O-O
e5 9. dxe5 e6 10. Nd2 Nge7 11. Nf3 h6 12. Nh4 Bf7 13. f4 Qb6 14. Be2 O-O-O 15.
Kh1 g6 16. a3 Nd4 17. Bg4 Ndf5 18. Nhxf5 Nxf5 19. Nxf5 gxf5 20. Bh5 Rd7 21. b4
c4 22. c3 d4 23. Bxf7 dxc3 24. Qh5 c2 25. Be3 Qc6 26. b5 Qxb5 27. Bxe6 Kb8 28.
Qe8+ 1-0

[Event "Nezhmetdinov Cup 2013"]
[Site "?"]
[Date "2013.06.01"]
[Round "2.46"]
[White "Lyutov, Timofey"]
[Black "Makarenko, Alexandra"]
[Result "1/2-1/2"]
[WhiteElo "1856"]
[BlackElo "2124"]
[PlyCount "96"]
[EventDate "2013.06.03"]

1. e4 e5 2. Nf3 Nc6 3. Bb5 a6 4. Ba4 Nf6 5. d3 d6 6. c3 Be7 7. O-O O-O 8. h3
Be6 9. Re1 b5 10. Bc2 d5 11. exd5 Nxd5 12. Nxe5 Nxe5 13. Rxe5 Bd6 14. Re1 Nf4
15. Bxf4 Bxf4 16. Nd2 Bxh3 17. gxh3 Qg5+ 18. Qg4 Bxd2 19. Qxg5 Bxg5 20. Re5 Bf6
21. Re4 Rfe8 22. Rae1 Kf8 23. Rxe8+ Rxe8 24. Rxe8+ Kxe8 25. Kf1 c5 26. Ke2 b4
27. Kd2 a5 28. a3 bxa3 29. bxa3 Ke7 30. Ke3 Bxc3 31. f3 Kd6 32. Bb3 f5 33. a4
g5 34. Kf2 Ke5 35. Bc4 Bd4+ 36. Kg3 h6 37. f4+ gxf4+ 38. Kf3 Be3 39. Bb5 Kd4
40. Bc4 Bd2 41. Bb5 Ke5 42. Bd7 Be1 43. Bc8 Bg3 44. Bd7 h5 45. Bc8 c4 46. dxc4
Kd4 47. Bxf5 Kc5 48. Bd7 Kxc4 1/2-1/2

[Event "Nezhmetdinov Cup 2013"]
[Site "?"]
[Date "2013.06.01"]
[Round "2.47"]
[White "Konakov, Nikolay"]
[Black "Kozina, Anastasia"]
[Result "1-0"]
[WhiteElo "2121"]
[BlackElo "1733"]
[PlyCount "107"]
[EventDate "2013.06.03"]

1. e4 e6 2. d4 d5 3. Nc3 Nf6 4. e5 Nfd7 5. f4 c5 6. Nce2 Nc6 7. c3 Be7 8. Nf3
O-O 9. a3 c4 10. Ng3 f6 11. b4 cxb3 12. Bd3 f5 13. h4 Nb6 14. Qxb3 Na5 15. Qc2
Bd7 16. Nf1 Rc8 17. Ne3 Qc7 18. Bb2 Ba4 19. Qe2 Bb3 20. g4 Na4 21. gxf5 Nxb2
22. Qxb2 Qxc3+ 23. Qxc3 Rxc3 24. Kd2 Rc7 25. Ng5 Bxg5 26. hxg5 exf5 27. Nxf5
Bc4 28. Bc2 Bb3 29. Bb1 Bc4 30. Ke3 b5 31. Nd6 g6 32. f5 gxf5 33. Bxf5 Re7 34.
g6 Nb7 35. Nf7 hxg6 36. Nh6+ Kg7 37. Rag1 Rf6 38. Bxg6 Kf8 39. Nf5 Rxf5 40.
Rh8+ Kg7 41. Rh7+ Kf8 42. Rxe7 Kxe7 43. Bxf5 Na5 44. Rg7+ Kf8 45. Rxa7 Nc6 46.
Rc7 Ne7 47. Bd7 Ng6 48. Rb7 Nh4 49. Kf4 Ng2+ 50. Kg5 Kg8 51. Kf6 Nf4 52. Rb8+
Kh7 53. Bf5+ Kh6 54. Rh8# 1-0

[Event "Nezhmetdinov Cup 2013"]
[Site "?"]
[Date "2013.06.01"]
[Round "2.48"]
[White "Trushina, Marina"]
[Black "Orekhov, Nikolai"]
[Result "0-1"]
[WhiteElo "1739"]
[BlackElo "2121"]
[PlyCount "86"]
[EventDate "2013.06.03"]

1. e4 e6 2. d4 d5 3. exd5 exd5 4. Bd3 Bd6 5. Qf3 Ne7 6. Bf4 Nbc6 7. c3 Bxf4 8.
Qxf4 O-O 9. Nf3 Ng6 10. Qd2 Re8+ 11. Be2 Qe7 12. g3 Bg4 13. Qd3 Qxe2+ 14. Qxe2
Rxe2+ 15. Kxe2 Re8+ 16. Kd2 Bxf3 17. Re1 Rd8 18. Re3 Bg4 19. Na3 a6 20. Rae1
Kf8 21. f3 Bf5 22. Nc2 Bxc2 23. Kxc2 Nge7 24. R3e2 Nf5 25. b3 Nfxd4+ 26. cxd4
Nxd4+ 27. Kd3 Nxe2 28. Rxe2 Re8 29. Rc2 c6 30. Kd4 Ke7 31. Kc5 Kd7 32. Kb6 Kc8
33. b4 Re3 34. f4 Re4 35. Ka5 Kc7 36. Ka4 b6 37. Kb3 Re3+ 38. Kb2 Kd6 39. Kc1
c5 40. Kd2 Re8 41. Rb2 c4 42. Kc3 Re3+ 43. Kd4 Rd3# 0-1

[Event "Nezhmetdinov Cup 2013"]
[Site "?"]
[Date "2013.06.01"]
[Round "2.49"]
[White "Chumachenko, Alexander"]
[Black "Kurninov, Andrei"]
[Result "1-0"]
[WhiteElo "2119"]
[BlackElo "1707"]
[PlyCount "59"]
[EventDate "2013.06.03"]

1. d4 Nf6 2. c4 c5 3. d5 e6 4. Nc3 exd5 5. cxd5 d6 6. Nf3 g6 7. h3 Bg7 8. e4
O-O 9. Bd3 a6 10. a4 Qc7 11. O-O Nbd7 12. Re1 Re8 13. Bf4 c4 14. Bf1 Nh5 15.
Bh2 Ne5 16. Nxe5 Bxe5 17. Bxe5 Rxe5 18. Qd4 Qe7 19. Qxc4 f5 20. Ra3 Nf4 21. Re3
Bd7 22. Qb4 Be8 23. g3 a5 24. Qb6 Nh5 25. f4 Rxe4 26. Nxe4 fxe4 27. Qd4 Nf6 28.
Bg2 Bd7 29. Bxe4 Bxh3 30. Bg2 1-0

[Event "Nezhmetdinov Cup 2013"]
[Site "?"]
[Date "2013.06.01"]
[Round "2.50"]
[White "Murtazin, Ruslan"]
[Black "Sadykov, Mars"]
[Result "0-1"]
[WhiteElo "1710"]
[BlackElo "2113"]
[PlyCount "102"]
[EventDate "2013.06.03"]

1. e4 e6 2. d4 d5 3. Nc3 dxe4 4. Nxe4 Bd7 5. Nf3 Bc6 6. Bd3 Nd7 7. O-O Be7 8.
Re1 Ngf6 9. b3 Nxe4 10. Bxe4 Bxe4 11. Rxe4 O-O 12. Bb2 Bf6 13. c4 c5 14. Qc2
Qc7 15. Rd1 cxd4 16. Bxd4 Rfd8 17. g3 Rac8 18. Bxf6 Nxf6 19. Red4 Rxd4 20. Rxd4
h6 21. Qe2 a6 22. Qe5 Kf8 23. Kf1 Ke7 24. Ke2 Qxe5+ 25. Nxe5 Rc5 26. f4 Rc7 27.
Kd3 Ne8 28. Kc3 g5 29. Kb4 f6 30. Nf3 b6 31. h4 gxf4 32. gxf4 Nd6 33. a4 Rc5
34. Rd1 Rf5 35. Nd4 a5+ 36. Kc3 Ne4+ 37. Kc2 Rxf4 38. Nc6+ Kf8 39. h5 Rf2+ 40.
Kc1 Nc5 41. Rd8+ Kg7 42. Rb8 f5 43. Rxb6 f4 44. Nd4 Kf6 45. Rb8 Nd3+ 46. Kd1
Ke5 47. Nc2 Ke4 48. Rg8 Rh2 49. Rg6 e5 50. Rg1 f3 51. Rf1 Kf4 0-1

[Event "Nezhmetdinov Cup 2013"]
[Site "?"]
[Date "2013.06.01"]
[Round "2.52"]
[White "Tukaeva, Adelya"]
[Black "Nevioselaya, Maria"]
[Result "0-1"]
[WhiteElo "1655"]
[BlackElo "2088"]
[PlyCount "48"]
[EventDate "2013.06.03"]

1. e4 e5 2. Nf3 Nc6 3. d4 exd4 4. Nxd4 Bc5 5. Be3 Qf6 6. c3 Nge7 7. Qd2 O-O 8.
Nb5 Bxe3 9. Qxe3 d5 10. Nxc7 Rb8 11. Be2 dxe4 12. Qxe4 Bf5 13. Qf4 Ng6 14. Qg3
Bxb1 15. Rxb1 Nf4 16. Rd1 Qe5 17. Qg4 Nxe2 18. Qxe2 Qxc7 19. O-O Rfe8 20. Qg4
Ne5 21. Qg3 Qc4 22. a3 Qg4 23. Qe3 Nc6 24. Qc1 Rbd8 0-1

[Event "Nezhmetdinov Cup 2013"]
[Site "Kazan"]
[Date "2013.06.02"]
[Round "3.1"]
[White "Dvoirys, Semen"]
[Black "Azarov, Sergei"]
[Result "1/2-1/2"]
[WhiteElo "2533"]
[BlackElo "2629"]
[PlyCount "81"]
[EventDate "2013.??.??"]

1. e4 e5 2. Nf3 Nc6 3. Bb5 f5 4. Qe2 fxe4 5. Bxc6 dxc6 6. Qxe4 Bd6 7. Nxe5 Nf6
8. Qe2 O-O 9. d4 Qe7 10. O-O c5 11. c3 cxd4 12. cxd4 c5 13. Be3 Re8 14. Nf3
cxd4 15. Qc4+ Be6 16. Qxd4 Ng4 17. Bf4 Bc5 18. Qa4 Qf7 19. Ng5 Bd7 20. Nxf7
Bxa4 21. Nd6 Rf8 22. Bg3 Nxf2 23. Rxf2 Rxf2 24. Bxf2 Bxd6 25. Nc3 Bc6 26. Rd1
Bf8 27. Bg3 b5 28. Nd5 Re8 29. Kf1 h6 30. Nc7 Re7 31. Rc1 Be4 32. Kg1 Bd3 33.
Rd1 Rf7 34. Ne6 Be2 35. Re1 Bc4 36. Nxf8 Kxf8 37. b3 Bd3 38. Rd1 Rd7 39. Kf2
Kf7 40. Ke3 Bf5 41. Rxd7+ 1/2-1/2

[Event "Nezhmetdinov Cup 2013"]
[Site "Kazan"]
[Date "2013.06.02"]
[Round "3.2"]
[White "Aleksandrov, Aleksej"]
[Black "Voitsekhovsky, Stanislav"]
[Result "1-0"]
[WhiteElo "2617"]
[BlackElo "2523"]
[PlyCount "181"]
[EventDate "2013.??.??"]

1. d4 e6 2. c4 f5 3. Nf3 Nf6 4. Qc2 b6 5. e3 Bb7 6. Bd3 c5 7. dxc5 bxc5 8. b3
g6 9. Bb2 Bg7 10. Nc3 Bxf3 11. gxf3 Nc6 12. Be2 O-O 13. f4 d5 14. cxd5 exd5 15.
Rd1 Nb4 16. Qc1 d4 17. a3 Nc6 18. Na4 Qa5+ 19. Kf1 Ne4 20. f3 Nc3 21. Bxc3 dxc3
22. Rd5 Rac8 23. Rxc5 Qd8 24. Nxc3 Na5 25. Na4 Kh8 26. b4 Nb3 27. Rxc8 Qxc8 28.
Qd1 Qe6 29. Kf2 Bf6 30. Qd3 Rd8 31. Qc4 Bh4+ 32. Kg2 Qxe3 33. Qc3+ Qxc3 34.
Nxc3 Bf6 35. Rd1 Re8 36. Bb5 Rc8 37. Nd5 Bg7 38. Bd3 Nd4 39. Re1 Rd8 40. Nc7
Nxf3 41. Kxf3 Rxd3+ 42. Re3 Rd8 43. Re7 Bf6 44. Rf7 Bb2 45. Ne6 Re8 46. Ng5
Bxa3 47. Rxh7+ Kg8 48. Rb7 Re1 49. h4 Rb1 50. b5 Rb3+ 51. Ke2 Bc1 52. Rb8+ Kg7
53. Kd1 Be3 54. Kc2 Rb4 55. Rb7+ Kg8 56. Kc3 Rb1 57. Ne6 Kh8 58. Kc4 Rd1 59.
Rf7 Rd2 60. h5 gxh5 61. Rxf5 Kh7 62. Rxh5+ Kg6 63. Re5 Bb6 64. Rg5+ Kf6 65. Nc5
Rc2+ 66. Kb4 Ke7 67. Re5+ Kf7 68. f5 Rb2+ 69. Ka4 Rd2 70. Ne4 Rd4+ 71. Kb3 Bc7
72. Re6 Rd5 73. Ng5+ Kf8 74. Rf6+ Ke8 75. Kc4 Rd1 76. Rg6 Rf1 77. f6 Bd8 78.
f7+ Kd7 79. Rg8 Be7 80. Ra8 Rf4+ 81. Kd3 Kd6 82. Ne4+ Ke6 83. Rxa7 Rxf7 84. b6
Rf3+ 85. Kd4 Rb3 86. Nc5+ Bxc5+ 87. Kxc5 Rc3+ 88. Kb5 Kd6 89. Rh7 Rb3+ 90. Ka6
Kc6 91. Rc7+ 1-0